Does Quality of Business Environment Influence Foreign Direct Investment Inflows? A Case of Central European Countries

Štúdia skúma prílev priamych zahraničných ivestícií do krajín V4 v rokoch 2005 - 2015 na základe kvality podnikateľského prostredia. Použité ukazovatele, ktoré vplývajú na zahraničných investorov - konkurencie schopnosť, slobodný trh a korupcia.

Gespeichert in:
Bibliographische Detailangaben
1. Verfasser: Bobenič Hintošová, Aneta, 1979-
Weitere Verfasser: Kubíková, Zuzana, Ručinský, Rastislav
Format: Buchkapitel
Sprache:Englisch
Schlagworte:
Tags: Tag hinzufügen
Keine Tags, Fügen Sie das erste Tag hinzu!

MARC

LEADER 00000nla a2200000 4500
001 0227738
005 20240502083612.8
041 0 |a eng 
044 |a CZ 
245 1 0 |a Does Quality of Business Environment Influence Foreign Direct Investment Inflows? A Case of Central European Countries  |c Aneta Bobenič Hintošová, Zuzana Kubíková, Rastislav Ručinský 
520 |a Štúdia skúma prílev priamych zahraničných ivestícií do krajín V4 v rokoch 2005 - 2015 na základe kvality podnikateľského prostredia. Použité ukazovatele, ktoré vplývajú na zahraničných investorov - konkurencie schopnosť, slobodný trh a korupcia. 
610 2 0 |a sloboda ekonomická 
610 2 0 |a investície priame zahraničné 
610 2 0 |a globalizácia 
610 2 0 |a Európska únia 
610 2 0 |a prostredie podnikateľské 
100 1 |a Bobenič Hintošová, Aneta, 1979- 
700 1 |a Kubíková, Zuzana 
700 1 |a Ručinský, Rastislav